000 00577nam a22001697a 4500
003 BUBTL
008 190505b xxu||||| |||| 00| 0 eng d
020 _a978-984-04-1409-6
082 _a891.443 / AZS
100 _92321
_aআজাদ, হুমায়ুন
245 _aসব কিছু ভেঙে পড়ে /
_cহুমায়ুন আজাদ
260 _aঢাকা :
_bআগামী প্রকাশনী,
_cc1995.
300 _a144 p. :
_c22 cm.
856 _k0
_l0
_yDownload
942 _2ddc
_cBK
999 _c6034
_d6034